| 000 | 00700nam a2200217 i 4500 | ||
|---|---|---|---|
| 001 | 44735 | ||
| 003 | ES-MaACL | ||
| 005 | 20260617125144.0 | ||
| 007 | t| | ||
| 008 | 030324s1956 sp ||||1| spa d | ||
| 100 |
_aClaudel, Paul, _d1868-1955 _9239252 |
||
| 245 | 1 | 0 |
_aAmo la Biblia / _cPaul Claudel ; traducción castellana y prólogo de Juan Bautista Bertrán. |
| 260 |
_aBarcelona : _bVergara, _c[1956] ( _fRex) |
||
| 300 |
_a203 p. ; _c19 cm. |
||
| 490 | 1 | _aColección "Verdad y Vida" | |
| 630 | 0 | 4 |
_aBiblia- _vMisceláneas. _9119247 |
| 700 | 1 |
_aBertrán, Juan Bautista. _928494 |
|
| 830 | 0 | 0 |
_aVerdad y vida _9182871 |
| 852 |
_aES-MaACL _jC-12287 _bR.40176 |
||
| 999 |
_c44735 _d44735 |
||